| 000 | 01060nam a2200313 a 4500 | ||
|---|---|---|---|
| 001 | 000029557 | ||
| 003 | DO-SdBPM | ||
| 005 | 20250915102956.0 | ||
| 007 | ta | ||
| 008 | 110418s2003 dr 000 0 spa d | ||
| 020 | _a9993455598 | ||
| 040 |
_aDO-SdBPM _bspa _cBPMSU _erda |
||
| 082 | 4 |
_a923.77295 _bH831p 2003 _222 |
|
| 100 | 1 |
_aGarcía Carrasco, Félix _d1920-2008 _eautor _4 |
|
| 245 | 1 | 0 |
_aHostos para estudiantes / _cFélix García Carrasco; editor Tomás Castro Burdiez. |
| 264 |
_aSanto Domingo : _bEDUCARTE, _c2003 |
||
| 300 |
_a28 páginas ; _c21 cm. |
||
| 336 |
_atexto _btxt _2rdacontent |
||
| 337 |
_asin mediación _bn _2rdamedia |
||
| 338 |
_avolumen _bnc _2rdacarrier |
||
| 490 | 0 |
_aCuadernos Educativos y Culturales, _v18 |
|
| 590 | _aInventariado, 2025/VM | ||
| 600 | 1 | 4 |
_aHostos, Eugenio María de, _d1839-1903 _95 |
| 650 | 7 |
_aIntelectuales _zPuerto Rico |
|
| 700 | 1 |
_aCastro Burdiez, Tomás _eeditor |
|
| 710 | 2 | _aFundación para la Educación y el Arte (EDUCARTE) | |
| 910 | _aVMateo V. Control de calidad. BPMSU | ||
| 942 |
_2ddc _cBK |
||
| 999 |
_c7353 _d7353 |
||